Algebra y Trigonometría.

Gespeichert in:
Bibliographische Detailangaben
Format: keine Angabe
Sprache:Spanisch
Erschienen: Madrid Bruño
Ausgabe:
Katalog:MANES:  Suchergebnis im Bibliothekskatalog
Schulbuchspezifische Eigenschaften:
Tags: Tag hinzufügen
Keine Tags, Fügen Sie den ersten Tag hinzu!
Hinzugefügt zu:26.04.2016
Geändert in:07.05.2025

MARC

LEADER 000000000a22000000004500
001 11179
003 OSt
005 20250507134331.0
008 160427s sp ||||| |||| 00| 0 spa d
040 |c centro_manes 
041 1 |a spa 
561 |5 es-BUNED  |3 LT 1003  |a España. Fondo Manes UNED  |k MANES 
691 0 |a SE 
245 0 0 |a Algebra y Trigonometría. 
250 |a 2ª 
260 3 |a Madrid  |b Bruño 
300 |a 267 p.  |c 17,4 x 11,5 cm 
690 0 |a MATE 
942 |2 ddc  |c BK 
546 |a España 
999 |c 17153  |d 17153 
999 |c manes:17153  |d 17153